Každodenne intenzívne a neformálne Profesiou je ekonóm. Ako veľvyslanec patrí medzi tých diplomatov, ktorí ekonomike dávajú absolútnu prioritu
S veľvyslancom Slovinskej republiky Zvone Draganom o líniách spolupráce a zahraničných ekonomických vzťahov tri roky po osamostatnení bývalej juhoslovanskej republiky. Neuspokojivý celkový rozsah vzájomnej obchodnej výmeny vzhľadom na komplementárnosť ekonomík Slovinska a Slovenska. Možnosti zvyšova...
Gespeichert in:
| 1. Verfasser: | |
|---|---|
| Weitere Verfasser: | |
| Format: | Buchkapitel |
| Sprache: | Slowakisch |
| Schlagworte: | |
| Tags: |
Keine Tags, Fügen Sie das erste Tag hinzu!
|
MARC
| LEADER | 00000naa a2200000 4500 | ||
|---|---|---|---|
| 001 | r016272 | ||
| 005 | 20221205090338.3 | ||
| 041 | 0 | |a slo | |
| 044 | |a SK | ||
| 245 | 1 | 0 | |a Každodenne intenzívne a neformálne |b Profesiou je ekonóm. Ako veľvyslanec patrí medzi tých diplomatov, ktorí ekonomike dávajú absolútnu prioritu |c Z. Dragan, P. Kasalovský |
| 520 | |a S veľvyslancom Slovinskej republiky Zvone Draganom o líniách spolupráce a zahraničných ekonomických vzťahov tri roky po osamostatnení bývalej juhoslovanskej republiky. Neuspokojivý celkový rozsah vzájomnej obchodnej výmeny vzhľadom na komplementárnosť ekonomík Slovinska a Slovenska. Možnosti zvyšovania hospodárskej spolupráce, zóna voľného obchodu, liberalizácia. | ||
| 610 | 2 | 0 | |a Slovensko |
| 610 | 2 | 0 | |a Slovinsko |
| 610 | 2 | 0 | |a spolupráca hospodárska medzinárodná |
| 610 | 2 | 0 | |a obchod zahraničný |
| 610 | 2 | 0 | |a diplomacia |
| 610 | 2 | 0 | |a vývoz |
| 610 | 2 | 0 | |a dovoz |
| 610 | 2 | 0 | |a obchod zahraničný |
| 610 | 2 | 0 | |a vzťahy hospodárske vonkajšie |
| 100 | 1 | |a Dragan, Z. | |
| 700 | 1 | |a Kasalovský, P. | |